| 000 | 00877nam a2200217Ia 4500 | ||
|---|---|---|---|
| 001 | 15621 | ||
| 003 | GE_BSU | ||
| 008 | 181216s||||||||xx |||||||||||||| ||und|| | ||
| 040 | _cGE_BSU | ||
| 080 | _a821.161.1 | ||
| 100 | _aგორკი, მაქსიმ | ||
| 245 | _aთხზულებანი : 12. ტომად ტ. 6 | ||
| 245 | _bპიესები | ||
| 245 | _cმთარგმნ. ა.მიქელაძის. ბ. ახოსპირელის. მ. გოგოლაშვილის. ფ.გოკიელის. ს. ვაჩნაძის. თ. კოპლატაძის რედ. დემნა შენგელია | ||
| 260 | _aთბილისი | ||
| 260 | _bსაბჭ. საქართველო | ||
| 260 | _c1961 | ||
| 300 | _a493გვ.23სმ. | ||
| 653 | _aპიესები | ||
| 942 | _cBK | ||
| 999 |
_c48721 _d48721 |
||